000 00613nmm a2200193Ia 4500
008 251105s9999||||xx |||||||||||||||||und||
020 _a9788499402598
041 _aspa
100 _aRodicio García, María Luisa
245 0 _aEl acoso escolar :
_b Diagnóstico y prevención
264 _a[Madrid, España] :
_bBiblioteca Nueva,
_c2011
300 _a224 páginas
490 _aBiblioteca de la nueva educación
650 _aEducation
700 _aRodicio García, María Luisa
700 1 _a Iglesias Cortizas, María Josefa
856 _uhttps://public.digitaliapublishing.com/a/14696
942 _cCF
999 _c70618
_d70618